[Event "Asia zt 3.3"]
[Site "Tagaytay City"]
[Date "2013.01.28"]
[Round "8"]
[White "Tolentino, Rustum"]
[Black "Amgalanbaatar, Ravdanlkhumbuu"]
[Result "0-1"]
[WhiteElo "2364"]
[BlackElo "2097"]
[PlyCount "75"]
[EventDate "2013.01.22"]
[EventType "swiss"]
[EventRounds "9"]
[EventCountry "PHI"]
[SourceTitle "CBM 152 Extra"]
[Source "ChessBase"]
[SourceDate "2013.02.25"]
[SourceVersion "1"]
[SourceVersionDate "2013.02.25"]
[SourceQuality "1"]

1. e4 e6 2. d4 d5 3. Bd3 dxe4 4. Bxe4 Nf6 5. Bf3 c5 6. Ne2 Nc6 7. Be3 Nd5 8. 0-0 Nxe3 9. fxe3 Be7 10. d5 Ne5 11. Nbc3 Nxf3+ 12. Rxf3 exd5 13. Nxd5 Bg4 14. Rf2 0-0 15. Qd3 Bh4 16. g3 Bg5 17. Nec3 Rc8 18. Qc4 Qd7 19. h4 Bd8 20. Rf4 h5 21. Raf1 Rc6 22. Kh2 b6 23. R1f2 Rg6 24. Qd3 Rd6 25. a4 Bc7 26. e4 c4 27. Qxc4 Bb8 28. Qd3 Qe8 29. e5 Rd8 30. Ne4 Qxe5 31. Ng5 f5 32. Rd4 Qe1 33. Rg2 Rde8 34. Qc4 Bxg3+ 35. Rxg3 Re2+ 36. Qxe2 Qxe2+ 37. Rg2 Qe5+ 38. Kh1 0-1

[Event "Asia zt 3.3"]
[Site "Tagaytay City"]
[Date "2013.01.27"]
[Round "7"]
[White "Gotel, Michael"]
[Black "Tolentino, Rustum"]
[Result "1-0"]
[WhiteElo "2161"]
[BlackElo "2364"]
[PlyCount "50"]
[EventDate "2013.01.22"]
[EventType "swiss"]
[EventRounds "9"]
[EventCountry "PHI"]
[SourceTitle "CBM 152 Extra"]
[Source "ChessBase"]
[SourceDate "2013.02.25"]
[SourceVersion "1"]
[SourceVersionDate "2013.02.25"]
[SourceQuality "1"]

1. d4 d5 2. c4 e6 3. Nc3 c6 4. e3 Nf6 5. Nf3 Nbd7 6. b3 Bd6 7. Be2 0-0 8. 0-0 a6 9. Qc2 e5 10. dxe5 Nxe5 11. cxd5 cxd5 12. Bb2 Nxf3+ 13. Bxf3 Ng4 14. g3 Qf6 15. Qe2 Ne5 16. Bg2 h5 17. Nxd5 Qh6 18. f4 Nc6 19. Rfd1 Rd8 20. Nb6 Bg4 21. Bf3 Bxf3 22. Qxf3 Rab8 23. Rd5 Bb4 24. Rxh5 Qe6 25. f5 Qe8 1-0

[Event "Asia zt 3.3"]
[Site "Tagaytay City"]
[Date "2013.01.26"]
[Round "6"]
[White "Tolentino, Rustum"]
[Black "Bersamina, Paulo"]
[Result "1/2-1/2"]
[WhiteElo "2364"]
[BlackElo "2206"]
[PlyCount "69"]
[EventDate "2013.01.22"]
[EventType "swiss"]
[EventRounds "9"]
[EventCountry "PHI"]
[SourceTitle "CBM 152 Extra"]
[Source "ChessBase"]
[SourceDate "2013.02.25"]
[SourceVersion "1"]
[SourceVersionDate "2013.02.25"]
[SourceQuality "1"]

1. c4 c5 2. g3 g6 3. Bg2 Bg7 4. Nc3 Nc6 5. Nf3 e5 6. 0-0 Nge7 7. a3 d6 8. b4 0-0 9. Rb1 h6 10. d3 f5 11. Ne1 Kh7 12. e3 Rb8 13. b5 Na5 14. Qc2 Be6 15. Nf3 b6 16. Rd1 Qe8 17. Bb2 Qf7 18. Nd2 g5 19. Re1 Rbd8 20. Rbd1 Rd7 21. Rf1 g4 22. f4 gxf3 23. Nxf3 Ng6 24. Nd5 Qe8 25. Bc3 Rdf7 26. Rde1 Qd8 27. a4 Kh8 28. Rf2 Qc8 29. Qd1 Qd8 30. Ref1 Kg8 31. Qc2 Qc8 32. Nd2 Qd8 33. Nf3 Qc8 34. Rb1 Qd8 35. Rbf1 1/2-1/2

[Event "Asia zt 3.3"]
[Site "Tagaytay City"]
[Date "2013.01.23"]
[Round "2"]
[White "Tolentino, Rustum"]
[Black "Bilguun, Sumiya"]
[Result "1-0"]
[WhiteElo "2364"]
[BlackElo "2213"]
[PlyCount "53"]
[EventDate "2013.01.22"]
[EventType "swiss"]
[EventRounds "9"]
[EventCountry "PHI"]
[SourceTitle "CBM 152 Extra"]
[Source "ChessBase"]
[SourceDate "2013.02.25"]
[SourceVersion "1"]
[SourceVersionDate "2013.02.25"]
[SourceQuality "1"]

1. c4 c5 2. g3 b6 3. Bg2 Nc6 4. Nf3 Bb7 5. 0-0 Nf6 6. Nc3 e6 7. d4 cxd4 8. Nxd4 a6 9. Nxc6 Bxc6 10. Bxc6 dxc6 11. Qa4 b5 12. Qb3 b4 13. Na4 Qa5 14. a3 Qh5 15. axb4 Rb8 16. c5 Nd5 17. e4 Nxb4 18. Bf4 e5 19. Be3 Qe2 20. Nb6 Nd3 21. Qa4 f6 22. Qxc6+ Kf7 23. Rxa6 Rd8 24. Nd5 Bxc5 25. Bxc5 Nxc5 26. Ra7+ Kg6 27. Rxg7+ 1-0

[Event "Manila PSC Cup"]
[Site "Manila"]
[Date "2013.01.15"]
[Round "2"]
[White "Bilguun, Sumiya"]
[Black "Tolentino, Rustum"]
[Result "1/2-1/2"]
[WhiteElo "2213"]
[BlackElo "2364"]
[PlyCount "102"]
[EventDate "2013.01.14"]
[EventType "swiss"]
[EventRounds "9"]
[EventCountry "PHI"]
[SourceTitle "CBM 152 Extra"]
[Source "ChessBase"]
[SourceDate "2013.02.25"]
[SourceVersion "1"]
[SourceVersionDate "2013.02.25"]
[SourceQuality "1"]

1. e4 e5 2. Nf3 Nc6 3. Bc4 Bc5 4. c3 Nf6 5. d3 0-0 6. Bb3 h6 7. 0-0 d6 8. Nbd2 a6 9. Re1 Ba7 10. Nf1 Re8 11. Ng3 Be6 12. Qe2 Qd7 13. h3 Rad8 14. Be3 Bxe3 15. fxe3 Bxb3 16. axb3 d5 17. Nh4 dxe4 18. Nxe4 Nxe4 19. dxe4 Qe6 20. b4 Rd7 21. b5 axb5 22. Qxb5 b6 23. Red1 Red8 24. Rxd7 Qxd7 25. Nf3 Qe6 26. Kh2 Kh7 27. Qe2 Na5 28. Rd1 Rxd1 29. Qxd1 Nc4 30. b3 Na5 31. c4 g5 32. Qd5 Nxb3 33. Nxe5 Kg7 34. Nf3 Qxd5 35. exd5 Na5 36. Nd2 f5 37. Kg3 Kf6 38. Kf3 Ke5 39. g4 Nb7 40. gxf5 Kxf5 41. e4+ Ke5 42. Ke3 h5 43. Nf3+ Kf6 44. e5+ Kf5 45. e6 Nd6 46. Nd4+ Kf6 47. Nb5 Nxc4+ 48. Kd4 Nd6 49. Nxc7 g4 50. hxg4 hxg4 51. Ke3 b5 1/2-1/2

[Event "Manila Pichay Cup 4th"]
[Site "Manila"]
[Date "2008.09.16"]
[Round "4"]
[White "Tolentino, Rustum"]
[Black "Causo, Deniel"]
[Result "1/2-1/2"]
[WhiteElo "2375"]
[BlackElo "2410"]
[PlyCount "66"]
[EventDate "2008.09.14"]
[EventType "swiss"]
[EventRounds "9"]
[EventCountry "PHI"]
[SourceTitle "CBM 126 Extra"]
[Source "ChessBase"]
[SourceDate "2008.11.05"]
[SourceVersion "1"]
[SourceVersionDate "2008.11.05"]
[SourceQuality "1"]

1. d4 d5 2. Bf4 Nf6 3. e3 c6 4. Bd3 g6 5. Nf3 Bg7 6. 0-0 0-0 7. Nbd2 Nbd7 8. h3 Qb6 9. Rb1 Re8 10. c4 c5 11. b4 cxd4 12. c5 Qd8 13. exd4 Nh5 14. Bh2 e5 15. Bb5 e4 16. Ne5 a6 17. Ba4 Re7 18. f4 f6 19. Qb3 Nxe5 20. fxe5 fxe5 21. Nxe4 Nf4 22. dxe5 Ne2+ 23. Kh1 Nd4 24. Nf6+ Bxf6 25. exf6 Nxb3 26. fxe7 Qxe7 27. Rbe1 Be6 28. Bxb3 Qd7 29. Rf6 Re8 30. Bd6 Kg7 31. Be5 Kg8 32. Bd6 Kg7 33. Be5 Kg8 1/2-1/2

[Event "Manila Pichay Cup 4th"]
[Site "Manila"]
[Date "2008.09.15"]
[Round "3"]
[White "Nguyen, Anh Dung"]
[Black "Tolentino, Rustum"]
[Result "1-0"]
[WhiteElo "2499"]
[BlackElo "2375"]
[PlyCount "147"]
[EventDate "2008.09.14"]
[EventType "swiss"]
[EventRounds "9"]
[EventCountry "PHI"]
[SourceTitle "CBM 126 Extra"]
[Source "ChessBase"]
[SourceDate "2008.11.05"]
[SourceVersion "1"]
[SourceVersionDate "2008.11.05"]
[SourceQuality "1"]

1. e4 c5 2. Nf3 e6 3. d4 cxd4 4. Nxd4 Nc6 5. Nc3 Qc7 6. Be2 a6 7. 0-0 Nf6 8. Be3 Bb4 9. Na4 Be7 10. Nxc6 bxc6 11. Nb6 Rb8 12. Nxc8 Qxc8 13. Bd4 c5 14. Be5 Rb6 15. b3 Nxe4 16. Bxg7 Rg8 17. Be5 Bd6 18. Bxd6 Rxd6 19. Bd3 c4 20. bxc4 Qc6 21. Qf3 Nd2 22. Qxc6 Rxc6 23. Rfd1 Nxc4 24. Bxh7 Rg4 25. Bd3 Nb2 26. Rd2 Ra4 27. g3 Rc3 28. Rb1 Rxa2 29. Bxa6 d5 30. h4 Kf8 31. Bb5 Kg7 32. Kg2 Kh6 33. Re2 Kg7 34. Kf1 Kh6 35. Rd2 Kg7 36. Re2 Kh6 37. Be8 Kg7 38. h5 Rc8 39. h6+ Kf6 40. Bb5 d4 41. Re4 e5 42. Kg2 Rh8 43. f4 d3 44. cxd3 Nd1+ 45. Kf3 Rf2+ 46. Kg4 Nc3 47. fxe5+ Kg6 48. Rbb4 Nxe4 49. Rxe4 Kxh6 50. Rf4 Rg8+ 51. Kf5 Rb2 52. Rh4+ Kg7 53. Bc4 Kf8 54. Rf4 Re2 55. g4 Rg6 56. d4 Re1 57. d5 Kg7 58. g5 Rg1 59. Rg4 Rxg4 60. Kxg4 Rb6 61. Kf5 Rb4 62. Ba6 Rd4 63. d6 Rd2 64. Ke4 Kf8 65. Bd3 Rg2 66. Kf4 Rf2+ 67. Ke3 Rg2 68. g6 Rg3+ 69. Kd4 Rg4+ 70. Kd5 Rg1 71. gxf7 Kxf7 72. e6+ Kf6 73. e7 Kf7 74. Bb5 1-0

[Event "PGMA Cup 2nd"]
[Site "Manila"]
[Date "2007.11.25"]
[Round "5"]
[White "Tolentino, Rustum"]
[Black "Halay, Taufik"]
[Result "0-1"]
[WhiteElo "2299"]
[BlackElo "2393"]
[PlyCount "137"]
[EventDate "2007.11.22"]
[EventType "swiss"]
[EventRounds "9"]
[EventCountry "PHI"]
[SourceTitle "EXT 2009"]
[Source "ChessBase"]
[SourceDate "2008.11.26"]
[SourceVersion "1"]
[SourceVersionDate "2008.11.26"]
[SourceQuality "1"]

1. e4 c5 2. Nf3 d6 3. Bb5+ Bd7 4. Bxd7+ Qxd7 5. c4 Qg4 6. 0-0 Qxe4 7. d4 Qc6 8. Re1 Qd7 9. Nc3 Na6 10. Nb5 Nc7 11. dxc5 Nxb5 12. cxb5 dxc5 13. Qb3 Nf6 14. Bg5 e6 15. Ne5 Qc8 16. b6 Bd6 17. Qb5+ Ke7 18. bxa7 Rxa7 19. Nc4 Ra6 20. Rad1 Rd8 21. Be3 Rc6 22. b4 cxb4 23. Nxd6 Rdxd6 24. Qxb4 Kd7 25. Rxd6+ Rxd6 26. Qb5+ Qc6 27. Qg5 Qc3 28. Rf1 g6 29. h3 Nd5 30. Rc1 Qf6 31. Qg3 Nc3 32. Qg4 h5 33. Qc4 Rc6 34. Qd3+ Ke8 35. Re1 Nd5 36. Bd2 Kf8 37. Qg3 Kg7 38. Qb3 Qd4 39. Qd1 Kg8 40. a3 Qd3 41. Rf1 Rc2 42. Bg5 Qxd1 43. Rxd1 Rc3 44. Rb1 b6 45. Bd8 Rxa3 46. Bxb6 Nxb6 47. Rxb6 Kg7 48. h4 Ra5 49. g3 g5 50. hxg5 Rxg5 51. Kh2 Ra5 52. Kg2 Ra2 53. Rb5 Kg6 54. Kf3 f6 55. Rb8 e5 56. Rg8+ Kf5 57. Rh8 e4+ 58. Ke3 Ra3+ 59. Ke2 Kg4 60. Rg8+ Kh3 61. Rh8 Ra5 62. Ke3 f5 63. Rxh5+ Kg2 64. Rg5 Ra3+ 65. Ke2 Ra2+ 66. Ke3 Rxf2 67. g4 Rf3+ 68. Kd4 e3 69. gxf5+ 0-1

[Event "Asia-ch 6th"]
[Site "Cebu"]
[Date "2007.09.27"]
[Round "9"]
[White "Tolentino, Rustum"]
[Black "Fancy, Stuart"]
[Result "1-0"]
[WhiteElo "2276"]
[BlackElo "2152"]
[PlyCount "43"]
[EventDate "2007.09.19"]
[EventType "swiss"]
[EventRounds "11"]
[EventCountry "PHI"]
[SourceTitle "CBM 120 Extra"]
[Source "ChessBase"]
[SourceDate "2007.11.01"]
[SourceVersion "1"]
[SourceVersionDate "2007.11.01"]
[SourceQuality "1"]

1. e4 e5 2. Nf3 d6 3. d4 exd4 4. Qxd4 Nc6 5. Bb5 Bd7 6. Bxc6 Bxc6 7. Nc3 Qf6 8. Qd3 Qg6 9. 0-0 Nf6 10. Re1 0-0-0 11. Nd4 Bd7 12. Bf4 Qg4 13. Qd2 g5 14. Bg3 a6 15. b4 c5 16. f3 Qh5 17. bxc5 dxc5 18. Nd5 Nxd5 19. exd5 f5 20. Be5 b6 21. Rab1 cxd4 22. Qxd4 1-0

[Event "Dubai op 09th"]
[Site "Dubai"]
[Date "2007.04.27"]
[Round "6"]
[White "Tolentino, Rustum"]
[Black "Chiburdanidze, Maia"]
[Result "0-1"]
[WhiteElo "2261"]
[BlackElo "2510"]
[PlyCount "53"]
[EventDate "2007.04.22"]
[EventType "swiss"]
[EventRounds "9"]
[EventCountry "UAE"]
[SourceTitle "CBM 118 Extra"]
[Source "ChessBase"]
[SourceDate "2007.07.04"]
[SourceVersion "1"]
[SourceVersionDate "2007.07.04"]
[SourceQuality "1"]

1. e4 c6 2. Nf3 d5 3. exd5 cxd5 4. Ne5 Nf6 5. d4 g6 6. Bd3 Bg7 7. 0-0 0-0 8. Nd2 Nfd7 9. Nxd7 Bxd7 10. c3 Nc6 11. f4 e6 12. Nf3 Rc8 13. Qe2 Na5 14. Ne5 f6 15. Nf3 Nc4 16. h4 Nd6 17. h5 gxh5 18. f5 e5 19. dxe5 fxe5 20. f6 Qxf6 21. Bxh7+ Kh8 22. Bg5 Qe6 23. Bc2 Bb5 24. Qf2 Bxf1 25. Rxf1 e4 26. Qh4 Qg4 27. Be7 0-1

[Event "Dubai op 09th"]
[Site "Dubai"]
[Date "2007.04.26"]
[Round "5"]
[White "Handoko, Edhi"]
[Black "Tolentino, Rustum"]
[Result "1-0"]
[WhiteElo "2441"]
[BlackElo "2261"]
[PlyCount "77"]
[EventDate "2007.04.22"]
[EventType "swiss"]
[EventRounds "9"]
[EventCountry "UAE"]
[SourceTitle "CBM 118 Extra"]
[Source "ChessBase"]
[SourceDate "2007.07.04"]
[SourceVersion "1"]
[SourceVersionDate "2007.07.04"]
[SourceQuality "1"]

1. e4 e5 2. Nf3 Nc6 3. d4 exd4 4. Nxd4 Bb4+ 5. c3 Bc5 6. Be3 Bb6 7. Nf5 Bxe3 8. Nxe3 Nge7 9. g3 d6 10. Bg2 0-0 11. 0-0 Rb8 12. Nd2 b5 13. Qc2 Bd7 14. Nf3 Qc8 15. Rfd1 Bg4 16. Nxg4 Qxg4 17. h3 Qh5 18. Nd4 Rfe8 19. a4 a6 20. axb5 axb5 21. b4 Ne5 22. f4 Nc4 23. Qf2 c5 24. Nc2 Rec8 25. Kh2 h6 26. Bf3 Qg6 27. Ra6 Rb6 28. Rxb6 Nxb6 29. Na3 cxb4 30. cxb4 Rb8 31. Nxb5 Nbc8 32. Qe2 Qf6 33. Nxd6 Rxb4 34. e5 Qe6 35. Qd2 Ra4 36. Bg4 Qb3 37. Nxc8 Ra2 38. Nxe7+ Kh8 39. Nf5 1-0

[Event "Dubai op 09th"]
[Site "Dubai"]
[Date "2007.04.25"]
[Round "4"]
[White "Tolentino, Rustum"]
[Black "Melkumyan, Hrant"]
[Result "1/2-1/2"]
[WhiteElo "2261"]
[BlackElo "2406"]
[PlyCount "24"]
[EventDate "2007.04.22"]
[EventType "swiss"]
[EventRounds "9"]
[EventCountry "UAE"]
[SourceTitle "CBM 118 Extra"]
[Source "ChessBase"]
[SourceDate "2007.07.04"]
[SourceVersion "1"]
[SourceVersionDate "2007.07.04"]
[SourceQuality "1"]

1. e4 c5 2. Nf3 e6 3. d4 cxd4 4. Nxd4 Nc6 5. Nc3 Qc7 6. Be2 a6 7. 0-0 Nf6 8. Be3 Bb4 9. Na4 0-0 10. c4 Be7 11. Nxc6 bxc6 12. Nb6 Rb8 1/2-1/2

[Event "Manila PGMA Cup 1st"]
[Site "Manila"]
[Date "2006.11.19"]
[Round "4"]
[White "Barbosa, Oliver"]
[Black "Tolentino, Rustum"]
[Result "1-0"]
[WhiteElo "2414"]
[BlackElo "2275"]
[PlyCount "71"]
[EventDate "2006.11.17"]
[EventType "swiss"]
[EventRounds "9"]
[EventCountry "PHI"]
[SourceTitle "CBM 115 Extra"]
[Source "ChessBase"]
[SourceDate "2007.01.10"]
[SourceVersion "1"]
[SourceVersionDate "2007.01.10"]
[SourceQuality "1"]

1. Nf3 d5 2. c4 e6 3. g3 Nf6 4. Bg2 dxc4 5. Qa4+ Nbd7 6. 0-0 a6 7. Qxc4 b5 8. Qc2 Bb7 9. b3 c5 10. Bb2 Rc8 11. d3 Be7 12. Nbd2 0-0 13. Rac1 Qb6 14. Qb1 Rfe8 15. Rfd1 h6 16. Qa1 Bf8 17. h3 Red8 18. Nf1 Ne8 19. g4 Nb8 20. Ng3 Nc6 21. g5 hxg5 22. Nxg5 Nd4 23. Bxb7 Qxb7 24. b4 Nf5 25. Nxf5 exf5 26. bxc5 Qe7 27. Nf3 Qxe2 28. Kg2 Rc6 29. Ne5 Bxc5 30. d4 Qe4+ 31. Kg1 Rdd6 32. Re1 Rg6+ 33. Kf1 Qh1+ 34. Ke2 Qe4+ 35. Kd1 Qf4 36. Rc2 1-0